000 01597nam a2200241Ia 4500
003 Ost
005 20260507075233.0
008 260507s9999||||xx |||||||||||||| ||und||
040 _cfsecg
041 _aara
082 _a330
100 _aالزعبي، علي فلاح
_eمؤلف
245 0 _aمناهج و أساليب البحث العلمي في ميدان التسويق :
_bمدخل منهجي - اداري /
_c علي فلاح الزعبي
260 _aعمان:
_bدار المسيرة,
_c2010
300 _a424 صفحة؛
_bإيضاحات ؛
_c24 سم
504 _aمراجع ص.421 ؛ ملاحق ص.339 ؛ مصطلحات ص.417
520 _aمقدمة في مناهج و أساليب البحث العلمي في ميدان التسويق ، أنواع البحوث العلمية ، خطوات البحوث العلمية (المنهجية العلمية) ، جمع البيانات في البحوث العلمية إجراء التصميم المنهجي للبحث العلمي ، أدوات و مناهج البحث العلمي، أنواع العينات في البحوث العلمية ، الاستبيان أداة الدراسة في البخث العلمي ، بيئة البحوث العلمية ، نظم المعلومات التسويقية ، إستخدامات المكتبة و أساليب التوثيق ، تطبيقات عملية للبحوث التسويقية العلمية .
653 _aأدارة المبيعات
653 _aأساليب البحث
653 _aالبحث العلمي
653 _aالتسويق
942 _cكتاب
999 _c43569
_d43569